| 000 | 00491nam a22001337a 4500 | ||
|---|---|---|---|
| 003 | SGT | ||
| 082 |
_a617.632 _bC17J |
||
| 100 | _aJAYASHREE, KASSAL | ||
| 245 | _aCOMPARATIVE EVALUATION OF THE CLINICAL EFFICACY OF CHORION MEMBRANE WITH DEMINERALIZED FREEZE DRIED BONE ALLOGRAFT (DFDBA) VIS-A-VIS AMNION MEMBRANE WITH DFDBA FOR TREATING GINGIVAL RECESSION DEFECTS. | ||
| 260 |
_aDELHI NCR _bSGT UNIVERSITY GURUGRAM _c2017 |
||
| 300 | _a1-124 | ||
| 650 | _aPERIODONTOLOGY | ||
| 942 |
_2ddc _cTH |
||
| 999 |
_c15963 _d15963 |
||